LEADER 01348nam a2200241 i 4500 001 000000238184 003 CaOOAMICUS 005 20251202085411.0 008 150126s1718 it u000 u lat u 026 $an-um reo- *.** dScS (3) 1718 (R) 040 $aSeMil$bita 245 10$aTomus 1. 300 $a[28], 887, [1] p. :$bill., ritr. calcogr. 500 $aIl fascicolo 6G2 erron. segnato 6H2. 500 $aSegn.: pg2 *2 a-e2 A-5H4 5I-6H2 500 $aRitratto calcogr. di Giovanni Crisostomo inciso da P.F. Giffart 500 $aColophon alla c. 6H2r. 700 1 $aGiffart, Pierre .$0(OLS)http://semarc/name/13854 773 0 $aIoannes : Chrysostomus $tTou en agiois patros hemon Ioannou ... tou Chrysostomou ta Heuriskomena panta. Sancti patris nostri Joannis Chrysostomi archiepiscopi Constantinopolitani Opera omnia quae exstant, vel quae ejus nomine circumferuntur, ad mss. codices Gallicanos, Vaticanos, ... Opera & studio d. Bernardi de Montfaucon ... Tomus 1. [-13.].$dParisiis : Sumtibus Ludovici Guerin, sub signo S. Thomae Aquinatis, ... [etc.] via Jacobaea, 1718-1738$g1$w()31292 850 $aSeMil 852 $aSeMil$W1$xVenegono$y1$m2S VIII 14 FA$j188530$B188530$CSeMilBibl$Z2$F199269 $8I 996 $6245$aTomus 1$9(OLS)http://semarc/title/47282 LEADER 00851nam a2200193 4500 001 000000366115 003 CaOOAMICUS 005 20260123121228.0 008 260123s1894 fr 000 u fre r 040 $aSeMil$bita 245 00$aNotice sur la Congrégatin des missionaires oblats de Marie Immaculée. 264 1$aBar-Le-Duc :$bImprimerie de l'Oeuvre de Saint-Paul,$c1894. 300 $a32 p. ;$c22 cm 650 4$aOblati di Maria Immacolata.$0(OLS)http://semarc/subject/11287 850 $aSeMil 852 $aSeMil$W1$xVenegono$y1$m5D IV 7/3$j266559$B256888$CSeMilBibl$Z2$F256888 $8I 996 $6245$aNotice sur la Congrégatin des missionaires oblats de Marie Immaculée$9(OLS)http://semarc/title/457804 996 $6264$aBar-Le-Duc :$bImprimerie de l'Oeuvre de Saint-Paul$9(OLS)http://semarc/publisher/62849